<?xml version="1.0" encoding="UTF-8"?>
<record
    xmlns:xsi="http://www.w3.org/2001/XMLSchema-instance"
    xsi:schemaLocation="http://www.loc.gov/MARC21/slim http://www.loc.gov/standards/marcxml/schema/MARC21slim.xsd"
    xmlns="http://www.loc.gov/MARC21/slim">

  <leader>02133nam a2200217 a 4500</leader>
  <controlfield tag="005">20240930102015.0</controlfield>
  <controlfield tag="008">100615t2006||||ag  g  | | ||   s  sspa d</controlfield>
  <datafield tag="020" ind1=" " ind2=" ">
    <subfield code="a">9789500427722</subfield>
  </datafield>
  <datafield tag="041" ind1=" " ind2=" ">
    <subfield code="a">spa</subfield>
  </datafield>
  <datafield tag="092" ind1=" " ind2=" ">
    <subfield code="c">895.6</subfield>
    <subfield code="l">2</subfield>
    <subfield code="s">AKU</subfield>
  </datafield>
  <datafield tag="100" ind1="1" ind2=" ">
    <subfield code="a">Akutagawa, Ryunosuke</subfield>
    <subfield code="9">3482</subfield>
  </datafield>
  <datafield tag="245" ind1=" " ind2=" ">
    <subfield code="a">Vida de un loco.</subfield>
    <subfield code="b">Tres relatos /</subfield>
    <subfield code="c">Ryunosuke Akutagawa</subfield>
  </datafield>
  <datafield tag="250" ind1=" " ind2=" ">
    <subfield code="a">1a ed.</subfield>
    <subfield code="b">Traduci&#xF3;n Mirta Rosenberg ; Pr&#xF3;logo Luis Chitarroni ; Ep&#xED;logo Jorge Luis Borges.</subfield>
  </datafield>
  <datafield tag="260" ind1=" " ind2=" ">
    <subfield code="a">Buenos Aires: </subfield>
    <subfield code="b">Emec&#xE9;;</subfield>
    <subfield code="c">2006.</subfield>
  </datafield>
  <datafield tag="300" ind1=" " ind2=" ">
    <subfield code="a">216 p.</subfield>
    <subfield code="b">23x14 cm</subfield>
  </datafield>
  <datafield tag="500" ind1=" " ind2=" ">
    <subfield code="a">Akutagawa, R. (2006). Vida de un loco. Tres relatos. (1a ed.). Buenos Aires : Emec&#xE9;.</subfield>
  </datafield>
  <datafield tag="505" ind1=" " ind2=" ">
    <subfield code="a">Las tres obras de Rynosuke Akutagawa presentadas en este libro se cuentan entre los experimentos m&#xE1;s significativos de la ficci&#xF3;n japonesa. Ellas combinan las t&#xE9;cnicas de la novela corta, el diario y los impresionistas poemas en prosa. En "El biombo del infierno", un artista de la corte en el Jap&#xF3;n feudal vende su alma a las huestes infernales, al coto de la vida de su hija y de la suya propia. "Los engranajes", diario concluido el mismo d&#xED;a en que Akutagawa se suicid&#xF3;, muestra la lucha del artista contra el miedo a enloquecer. Fantasia y realidad se funden en la imaginaci&#xF3;n del autor, descontrolada y asolada por figuras obsesivas similares a la redas de engranajes. "Vida de un loco" contiene anotaciones po&#xE9;ticas exquisitamente compuestas acerca de hechos de la vida cotidiana; las ansiedades diarias emergen de forma distorsionada, mezcladas con elementos ficcionales, referencias a autores y libro amados, reflexiones morales y filos&#xF3;ficas, par&#xE1;bolas y met&#xE1;foras. Este volumen -que se abre con un pr&#xF3;logo de Luis Chitarroni- est&#xE1; integrado, adem&#xE1;s, por la "Carta a un viejo amigo", que Akutagawa escribi&#xF3; como despedida antes de quitarse la vida. A modo de ep&#xED;logo, se incluye un texto de Jorge Luis Borges que lo describi&#xF3; as&#xED;: "La extravagancia y el horror est&#xE1;n en sus p&#xE1;ginas, pero no en el estilo, que siempre es l&#xED;mpido".</subfield>
  </datafield>
  <datafield tag="590" ind1=" " ind2=" ">
    <subfield code="a">Proyecto 4to libro. Donaci&#xF3;n Mar&#xED;a Vitarelli, Diciembre 2017.</subfield>
  </datafield>
  <datafield tag="655" ind1=" " ind2=" ">
    <subfield code="a">Literatura</subfield>
    <subfield code="9">2917</subfield>
  </datafield>
  <datafield tag="942" ind1=" " ind2=" ">
    <subfield code="2">ddc</subfield>
    <subfield code="c">LIT</subfield>
  </datafield>
  <datafield tag="999" ind1=" " ind2=" ">
    <subfield code="c">2658</subfield>
    <subfield code="d">2658</subfield>
  </datafield>
  <datafield tag="952" ind1=" " ind2=" ">
    <subfield code="0">0</subfield>
    <subfield code="1">0</subfield>
    <subfield code="2">ddc</subfield>
    <subfield code="4">0</subfield>
    <subfield code="7">0</subfield>
    <subfield code="a">BFM</subfield>
    <subfield code="b">BFM</subfield>
    <subfield code="c">CR</subfield>
    <subfield code="d">2018-02-08</subfield>
    <subfield code="e">Proyecto 4to libro. Donaci&#xF3;n Mar&#xED;a Vitarelli, Diciembre 2017.</subfield>
    <subfield code="l">1</subfield>
    <subfield code="o">895.6 2 AKU</subfield>
    <subfield code="p">4139</subfield>
    <subfield code="r">2019-02-08</subfield>
    <subfield code="s">2018-12-20</subfield>
    <subfield code="t">Ej. 1</subfield>
    <subfield code="w">2018-02-08</subfield>
    <subfield code="y">LIT</subfield>
    <subfield code="z">Proyecto 4to libro. Donaci&#xF3;n Mar&#xED;a Vitarelli, Diciembre 2017.</subfield>
  </datafield>
</record>
